MARC details
| 000 -LÍDER |
| campo de controle de tamanho fixo |
01681nam a2200361 4500 |
| 001 - NÚMERO DE CONTROLE |
| campo de controle |
174 |
| 003 - IDENTIFICADOR DO NÚMERO DE CONTROLE |
| campo de controle |
OSt |
| 005 - DATA E HORÁRIO DA ÚLTIMA TRANSAÇÃO |
| campo de controle |
20250528074014.0 |
| 008 - CAMPO DE DADOS FIXOS--INFORMAÇÃO GERAL |
| campo de controle de tamanho fixo |
250130b |||||||g |||| 00| 1 eng d |
| 020 ## - ISBN - INTERNATIONAL STANDARD BOOK NUMBER |
| ISBN - International Standard Book Number |
9788501073525 |
| 040 ## - FONTE DA CATALOGAÇÃO |
| Idioma da catalogação |
por |
| 041 ## - CÓDIGO DE IDIOMA |
| Código do idioma do original e/ou traduções intermediárias do texto |
eng |
| Código do idioma do texto/trilha sonora ou título diferente |
por |
| 082 ## - CDD - CLASSIFICAÇÃO DECIMAL DE DEWEY |
| Número de Classificação |
823 |
| Número do exemplar |
C821u |
| 100 1# - ENTRADA PRINCIPAL--NOME PESSOAL |
| Nome pessoal |
Cornwell, Bernard, |
| Datas associadas ao nome |
1944- |
| 9 (RLIN) |
324 |
| 240 ## - TÍTULO UNIFORME |
| Título uniforme |
The Last Kingdom |
| 245 ## - TÍTULO |
| Título |
O último reino / |
| Indicação de responsabilidade, etc. |
Cornwell, Bernard ; Tradução de Alves Calado |
| 250 ## - EDIÇÃO |
| Declaração de edição |
10° edição |
| 260 ## - PUBLICAÇÃO, DISTRIBUIÇÃO, ETC. |
| Local de publicação, distribuição, etc. |
Rio de Janeiro |
| Nome do editor, distribuidor, etc. |
Record |
| Data da publicação, distribuição, etc. |
2013 |
| 300 ## - DESCRIÇÃO FÍSICA |
| Extensão |
362 p. |
| 490 1# - TÍTULO DA SÉRIE |
| Título da série |
Crônicas Saxônicas |
| Número do volume ou designação sequencial da série |
Livro 01 |
| 520 ## - NOTA DE RESUMO, ETC. |
| Resumo, etc. |
O Último Reino é o primeiro romance de uma série que contará a história de Alfredo, o Grande, e seus descendentes. Aqui, Cornwell reconstrói a saga do monarca que livrou o território britânico da fúria dos vikings. Pelos olhos do órfão Uthred, que aos 9 anos se tornou escravo dos guerreiros no norte, surge uma história de lealdades divididas, amor relutante e heroísmo desesperado. Nascido na aristocracia da Nortúmbria no século IX, Uthred é capturado e adotado por um dinamarquês. Nas gélidas planícies do norte, ele aprende o modo de vida viking. No entanto, seu destino está indissoluvelmente ligado a Alfredo, rei de Wessex, e às lutas entre ingleses e dinamarqueses e entre cristãos e pagãos. |
| 650 #0 - ASSUNTO--TERMO TÓPICO |
| Cabeçalho tópico ou nome geográfico |
Literatura Inglesa |
| 9 (RLIN) |
89 |
| 650 #0 - ASSUNTO--TERMO TÓPICO |
| Cabeçalho tópico ou nome geográfico |
Mitologia |
| 9 (RLIN) |
128 |
| 650 #0 - ASSUNTO--TERMO TÓPICO |
| Cabeçalho tópico ou nome geográfico |
Fantasia |
| 9 (RLIN) |
45 |
| 650 #0 - ASSUNTO--TERMO TÓPICO |
| Cabeçalho tópico ou nome geográfico |
Aventura |
| 9 (RLIN) |
47 |
| 650 #0 - ASSUNTO--TERMO TÓPICO |
| Cabeçalho tópico ou nome geográfico |
História |
| 9 (RLIN) |
116 |
| 650 #0 - ASSUNTO--TERMO TÓPICO |
| Cabeçalho tópico ou nome geográfico |
Filme |
| 9 (RLIN) |
26 |
| 655 #0 - TERMO DE ÍNDICE--GÊNERO E FORMA |
| Gênero/forma/ou termo foco |
Romance |
| 655 #0 - TERMO DE ÍNDICE--GÊNERO E FORMA |
| Gênero/forma/ou termo foco |
Ficção |
| 700 ## - ENTRADA ADICIONADA - NOME PESSOAL |
| Nome pessoal |
Alves Calado |
| Função do autor por extenso |
Tradutor |
| 9 (RLIN) |
325 |
| 830 ## - ENTRADA SECUNDÁRIA DE SÉRIE--TÍTULO UNIFORME |
| Título uniforme |
Crônicas Saxônicas |
| Número do volume ou designação sequencial da série |
Livro 01 |
| 9 (RLIN) |
327 |
| 942 ## - ELEMENTOS DE ENTRADA ADICIONADOS (KOHA) |
| Fonte de classificação ou esquema de arquivamento |
Classificação decimal de Dewey |
| Ocultar no OPAC |
Não |
| Tipo de material Koha |
Livros |